Pharmaceutical technology and biopharmaceutics experiments / (Record no. 30450)

MARC details
000 -LEADER
fixed length control field 01127nam a22002777i 4500
003 - CONTROL NUMBER IDENTIFIER
control field EG-ScBUE
005 - DATE AND TIME OF LATEST TRANSACTION
control field 20230605104516.0
008 - FIXED-LENGTH DATA ELEMENTS--GENERAL INFORMATION
fixed length control field 200219r20192014ii a f 001 0 eng d
020 ## - INTERNATIONAL STANDARD BOOK NUMBER
International Standard Book Number 9788123923727
040 ## - CATALOGING SOURCE
Original cataloging agency EG-ScBUE
Language of cataloging eng
Description conventions rda
Transcribing agency EG-ScBUE
Modifying agency EG-ScBUE
082 04 - DEWEY DECIMAL CLASSIFICATION NUMBER
Edition number 22
Classification number 615.1
Item number GHO
100 1# - MAIN ENTRY--PERSONAL NAME
Personal name Ghosh, Bijaya,
Relator term author.
245 10 - TITLE STATEMENT
Title Pharmaceutical technology and biopharmaceutics experiments /
Statement of responsibility, etc Bijaya Ghosh, professor Department of Pharmaceutics, NSHM College of Pharmaceutical Technology, Kolkata, West Bengal, Rajeshri Dhurke, associate professor, Department of Pharmaceutics, St. Peter's Institute of Pharmaceutical Sciences, Warangal, Andhra Pradesh.
250 ## - EDITION STATEMENT
Edition statement Reprint edition.
264 #1 - PUBLICATION, DISTRIBUTION, ETC. (IMPRINT)
Place of publication, distribution, etc New Delhi :
Name of publisher, distributor, etc CBS Publishers and Distributors,
Date of publication, distribution, etc 2019.
300 ## - PHYSICAL DESCRIPTION
Extent 147 pages :
Other physical details illustrations ;
Dimensions 24 cm
336 ## - CONTENT TYPE
Source rdacontent
Content type term text
Content type code txt
337 ## - MEDIA TYPE
Source rdamedia
Media type term unmediated
Media type code n
338 ## - CARRIER TYPE
Source rdacarrier
Carrier type term volume
Carrier type code nc
500 ## - GENERAL NOTE
General note Includes index.<br/>
650 #7 - SUBJECT ADDED ENTRY--TOPICAL TERM
Topical term or geographic name as entry element Biopharmaceutics.
Source of heading or term BUEsh
653 ## - INDEX TERM--UNCONTROLLED
Resource For college Pharmacy
Arrived date list June2023
655 ## - INDEX TERM--GENRE/FORM
Form subdivision Reading book
700 1# - ADDED ENTRY--PERSONAL NAME
Personal name Dhurke, Rajeshri,
Relator term author.
942 ## - ADDED ENTRY ELEMENTS (KOHA)
Source of classification or shelving scheme Dewey Decimal Classification
Koha item type Book - Borrowing
Holdings
Withdrawn status Lost status Source of classification or shelving scheme Damaged status Not for loan Collection code Home library Current library Shelving location Date acquired Source of acquisition Cost, normal purchase price Serial Enumeration / chronology Total Checkouts Full call number Barcode Date last seen Cost, replacement price Price effective from Koha item type
    Dewey Decimal Classification     Baccah Central Library Central Library First floor 05/06/2023 Purchase 200.00 37174   615.1 GHO 000056735 10/02/2026 250.00 05/06/2023 Book - Borrowing